A social theory for the 21st century? /

সংরক্ষণ করুন:
গ্রন্থ-পঞ্জীর বিবরন
প্রধান লেখক: Boron, Atilio A.
বিন্যাস: পাঠ‍্য
ট্যাগগুলো: ট্যাগ যুক্ত করুন
কোনো ট্যাগ নেই, প্রথমজন হিসাবে ট্যাগ করুন!

MARC

LEADER 00000 a a2200000 04500
001 48680
003
040
100 |a Boron, Atilio A.  
245 |a A social theory for the 21st century? /  |c Atilio A. Boron  
773 |g volumen 47, número 4, (1999), páginas 47-64  
999 |c 28328  |d 28328